00345nam a2200121Ia 4500008004100000020001800041040001200059082001400071100001800085245004400103260006200147300001400209200103s9999||||xx |||||||||||||| ||und|| a9780070587939 aIMU-MPC aColumn-17 aAbramson, ian 0aOracle Database 10g: A beginner's guide bTata McGraw-Hill Publishing Company Ltd., New Delhic2006 axvii, 405